000 00573nam a2200205Ia 4500
005 20260625124414.0
008 131103s9999 xx 000 0 und d
040 _aLoreto College
041 _aEnglish
082 _a801
_bRIC
100 _aRichards, [Ivor Armstrong,1893-1979]
245 _aPrinciples of literary criticism
_cI. A. Richards
260 _aLondon
_bRoutledge & Kegan Paul
_c1960
300 _avi,298 p.
504 _aFrist published in 1924, London
650 _aLiterary Theory
651 _aLiterary Criticism
850 _aLCLIB
942 _cBK
999 _c21472
_d71951